Statistics for Football players starting with the letter U

Click here to take the quiz!

General Stats

  • This quiz has been taken 57 times
  • The average score is 4 of 7

Answer Stats

Answer% Correct
Samuel Umtiti
92%
Dayot Upamecano
79%
Sven Ulreich
64%
Cengiz Under
45%
Deniz Undav
38%
Andreas Ulmer
17%
Lars Unnerstall
17%

Score Distribution

Percentile by Number Answered

Percent of People with Each Score

Your Score History

You have not taken this quiz